| 000 | 00783cam a2200265 a 4500 | ||
|---|---|---|---|
| 001 | 1895202 | ||
| 003 | OSt | ||
| 005 | 20230703154907.0 | ||
| 008 | 840123s1984 dcu b 001 0 eng | ||
| 010 | _a 84001869 | ||
| 020 |
_a0871873036 (pbk.) : _c$10.95 |
||
| 040 |
_aDLC _cDLC _dDLC |
||
| 043 | _an-us--- | ||
| 082 | 0 | 0 |
_a342.730 _bBRI |
| 100 | 1 |
_aBrigham, John, _d1945- |
|
| 245 | 1 | 0 |
_aCivil liberties and American democracy / _cJohn Brigham. |
| 260 |
_aWashington, D.C. : _bCQ Press, _cc1984. |
||
| 300 |
_axiii, 300 p. ; _c23 cm. |
||
| 500 | _aIncludes indexes. | ||
| 504 | _aBibliography: p. 271-282. | ||
| 650 | 0 |
_aCivil rights _zUnited States. |
|
| 650 | 0 |
_aConstitutional law _zUnited States. |
|
| 906 |
_a7 _bcbc _corignew _d1 _eocip _f19 _gy-gencatlg |
||
| 942 |
_2ddc _cBK |
||
| 999 |
_c3467 _d3467 |
||